Lord Vanidad (Lord Vanity)

שמור ב:
מידע ביבליוגרפי
מחבר ראשי: Shellabarger, Samuel
פורמט: ספר
שפה:Undetermined
יצא לאור: México, Distrito Federal Editorial Cumbre 1955
נושאים:
תגים: הוספת תג
אין תגיות, היה/י הראשונ/ה לתייג את הרשומה!

MARC

LEADER 00000nam a2200000Ia 4500
008 170316s9999 xx 000 0 und d
040 |a cru BVZT 
090 |a 820 S-7L 
100 |a Shellabarger, Samuel 
245 |a Lord Vanidad (Lord Vanity) 
260 |a México, Distrito Federal 
260 |b Editorial Cumbre 
260 |c 1955 
300 |a 414 páginas 
650 |a LITERATURA INGLESA  |9 12 
999 |c 7231  |d 7231 
942 |c 15 D  |h 820 S-7L  |2 z